• 首页
  • 本馆介绍
  • 公告通知
  • 最新文献
  • 馆藏检索
  • 电子资源
  • 读者导购
  • 参考咨询
  • 我的图书馆
  • 登录
  • 详细信息显示
  • 放入我的书架
  • 预约/预借图书
  • 作者相关作品
  • 分类相关作品
  • 丛书相关作品
  • 出版社相关作品

书目信息

  • 表格格式
  • 工作单格式
  • 卡片格式
题名:
贫困地区教师心理健康研究
    
 
作者: 罗小兰 著
分册:  
出版信息: 北京   兵器工业出版社  2008
页数: 249页
开本: 23cm
丛书名:
单 册:
中图分类: G443
科图分类:
主题词: 不发达地区--教师--心理卫生--研究 , 不发达地区 , 教师 , 心理卫生
电子资源:
ISBN: 978-7-80248-053-7
000 00905nam0 2200265 45
001 1029925253
005 20100428151539.90
010    @a978-7-80248-053-7@dCNY38.00
100    @a20100420d2008 em y0chiy50 ea
101 0  @achi
102    @aCN@b110000
105    @ay z 000yy
106    @ar
200 1  @a贫困地区教师心理健康研究@APin Kun Di Qu Jiao Shi Xin Li Jian Kang Yan Jiu@f罗小兰著@FLuo Xiao Lan Zhu
210    @a北京@c兵器工业出版社@d2008
215    @a249页@d23cm
330    @a本书通过对贫困地区中学教师、中学生、小学教师的心理健康的调查研究,以及对中学教师心理健康实施干预,全面而客观地分析和论述了贫困地区教师心理健康的现状、成因及对策。
606 0  @a不发达地区@x教师@x心理卫生@x研究
606 0  @a不发达地区
606 0  @a教师
606 0  @a心理卫生
690    @aG443@v4
701  0 @a罗小兰@ALuo Xiao Lan@4著
801  0 @aCN@bTANGWEI@c20100428
905    @b0594368-72@dG443@e184@f5
    
    贫困地区教师心理健康研究/罗小兰著.-北京:兵器工业出版社,2008
    249页;23cm
    
    
    ISBN 978-7-80248-053-7:CNY38.00
    本书通过对贫困地区中学教师、中学生、小学教师的心理健康的调查研究,以及对中学教师心理健康实施干预,全面而客观地分析和论述了贫困地区教师心理健康的现状、成因及对策。
●
相关链接 在E读中查询图书 在五车中查询图书 在当当中查询图书 在豆瓣中查询图书


正题名:贫困地区教师心理健康研究     索取号:G443/184         预约/预借

序号 登录号 条形码 馆藏地/架位号 状态 备注
1 0594368   205943684   第一样本阅览室/ [索取号:G443/184] 在馆    
2 0594369   205943693   第四借阅区/ [索取号:G443/184] 在馆    
3 0594370   205943700   第四借阅区/ [索取号:G443/184] 在馆    
4 0594371   205943719   第四借阅区/ [索取号:G443/184] 在馆    
5 0594372   205943728   第四借阅区/ [索取号:G443/184] 在馆    
唐山师范学院图书馆 欢迎您!
大连网信软件有限公司© 版权所有